Language Quiz

Random Language or Europe Quiz

Misspelled Europe Blitz Quiz Stats

Quiz Updated Jul 14, 2016

Challenge
Share
Tweet
Embed
Score 0/23 Timer 02:00
1 Play Today
% Correct
Germaney
98.5%
Icland
98.2%
Lathvia
97.3%
Ukhraine
97%
Mahlta
96.9%
Hungry
96.8%
Czechiaa
96.8%
Romenia
96.4%
Polland
96.4%
Vaticon City
95.7%
Servia
95.2%
Belgim
95.2%
% Correct
Swedan
94.7%
Lithaunia
94.5%
Swizerland
94.4%
Montinegro
92.9%
Cyrpus
91.5%
Andora
90.8%
Bosnia and Herezegovina
90.1%
Slovania
89.7%
Leichtenstein
87.9%
United Kingdon
87.7%
Maldova
82.4%

You're not logged in!

Compare scores with friends on all Sporcle quizzes.
Join for Free
OR
Log In

You Might Also Like...

Show Comments

Extras

Top Quizzes Today


Score Distribution

Your Account Isn't Verified!

In order to create a playlist on Sporcle, you need to verify the email address you used during registration. Go to your Sporcle Settings to finish the process.

Report this User

Report this user for behavior that violates our Community Guidelines.

Details: